Coupe du Monde 2022: Emblèmes des 32 Pays qualifiés - Statistiques

Statistiques générales
  • Ce quiz a été pris 1 821 fois
  • Le résultat moyen est 27 sur 32
Statistiques - réponses
Par images Réponse % Correct
Allemagne
97%
Belgique
97%
France
96%
Espagne
95%
Portugal
95%
Tunisie
95%
Croatie
94%
Iran
94%
Argentine
93%
Angleterre
92%
Brésil
92%
Canada
92%
Australie
91%
Qatar
91%
Sénégal
91%
Pays de Galles
88%
Cameroun
87%
Pays-Bas
87%
Etats-Unis
86%
Maroc
86%
Japon
85%
Uruguay
85%
Ghana
83%
Arabie Saoudite
79%
Danemark
78%
Mexique
73%
Pologne
73%
Equateur
68%
Suisse
64%
Serbie
61%
Corée du Sud
59%
Costa Rica
51%
Aucun quiz correspondant
Distribution des résultats
% des personnes avec chaque résultat
Percentile par nombre de réponses
Votre historique - résultats
Vous n’avez pas pris ce quiz